Statistics for All Retired NFL Numbers

Click here to take the quiz!

General Stats

  • This quiz has been taken 1,447 times
    (1,368 since last reset)
  • The average score is 37 of 147

Answer Stats

Answer% Correct
Peyton Manning
77%
Barry Sanders
75%
Dan Marino
75%
Joe Montana
72%
John Elway
69%
Bruce Smith
68%
Buddy Young
68%
Steve Young
68%
Jerry Rice
67%
Jerome Brown
66%
Jim Brown
66%
Brett Favre
64%
Reggie White
63%
Jim Kelly
61%
Jim Taylor
60%
Lawrence Taylor
60%
Walter Payton
59%
Bart Starr
58%
Bob Johnson
53%
Jimmy Johnson
53%
Joe Greene
53%
Stone Johnson
53%
Warren Moon
53%
Donovan McNabb
52%
Deacon Jones
49%
Fran Tarkenton
49%
Walter Jones
49%
Johnny Unitas
46%
Otto Graham
43%
Derrick Thomas
41%
Emmitt Thomas
41%
Eric Dickerson
41%
Warren Sapp
41%
Bobby Bell
40%
Bob Griese
40%
LaDainian Tomlinson
40%
Marshall Faulk
40%
Len Dawson
39%
Dan Fouts
37%
Derrick Brooks
37%
Junior Seau
37%
Larry Csonka
37%
Dick Butkus
36%
Earl Campbell
36%
Mike Ditka
36%
Phil Simms
36%
Steve Largent
36%
Cris Carter
35%
Ronnie Lott
35%
Gale Sayers
34%
Dutch Clark
32%
Dwight Clark
32%
Pat Tillman
32%
Alan Page
31%
Sammy Baugh
30%
Isaac Bruce
29%
Curtis Martin
25%
Bruce Matthews
24%
Ernie Davis
24%
Brian Dawkins
23%
Lance Alworth
23%
Larry Wilson
23%
Sid Luckman
23%
Y.A. Tittle
22%
Don Hutson
21%
John Hannah
21%
Merlin Olsen
19%
Sam Mills
19%
Bobby Layne
18%
Joe Perry
18%
Raymond Berry
18%
Chuck Bednarik
17%
Cortez Kennedy
17%
Frank Gifford
17%
Jim Marshall
17%
Lee Roy Selmon
17%
Lenny Moore
17%
Bronko Nagurski
16%
Don Maynard
16%
Jack Youngblood
16%
Ray Nitschke
16%
Bill George
15%
Jan Stenerud
14%
Red Grange
14%
Willie Lanier
14%
Floyd Little
13%
John Brodie
13%
Steve Bartkowski
13%
Steve van Buren
13%
George Halas
12%
Joe Nameth
12%
Doak Walker
11%
Gino Marchetti
11%
Jackie Slater
11%
Joe Klecko
11%
Mike Haynes
10%
Brian Piccolo
9%
Buck Buchanan
9%
Bulldog Turner
9%
Jim Parker
9%
Lou Groza
9%
Bob Waterfield
8%
Doug Atkins
8%
Frank Tripucka
7%
Joe Schmidt
7%
Ken Strong
7%
Mike Munchak
7%
William Andrews
7%
Art Donovan
6%
Bob St. Clair
6%
Dennis Byrd
6%
Hugh McElhenny
6%
Korey Stringer
6%
Mack Lee Hill
6%
Mel Hein
6%
Mick Tingelhoff
6%
Steve Nelson
6%
Tommy Nobis
6%
Tony Canadeo
6%
Abner Hayes
5%
Bill Hewitt
5%
Charlie Conerly
5%
Elvin Bethea
5%
Ernie Stautner
5%
George McAfee
5%
Jim Lee Hunt
5%
Bob Dee
4%
Chuck Hughes
4%
Gino Cappelletti
4%
Joe Morrison
4%
J.V.Cain
4%
Marshall Goldberg
4%
Willie Galimore
4%
Al Wistert
3%
Charlie Krueger
3%
Don Fleming
3%
Jeff van Note
3%
Leo Nomellini
3%
Pete Retzlaff
3%
Ray Flaherty
3%
Tuffy Leemans
3%
Al Blozis
2%
Jim Norton
2%
Stan Maudlin
2%
Tom Brookshier
2%
Ward Cuff
2%
Bruce Armstong
1%

Score Distribution

Percentile by Number Answered

Percent of People with Each Score

Your Score History

You have not taken this quiz since the last reset